[Event "Match"]
[Site "www.echecsemail.com"]
[Date "2015.10.05"]
[Round "1"]
[White "Mrmoto"]
[Black "Carazo"]
[WhiteElo "1610"]
[BlackElo "1599"]
[Result "1-0"]
[Round "1"]
1.e4 e5
2.Ng1f3 Nb8c6
3.Bf1b5 Nc6d4
4.Nf3xd4 exd4
5.d3 Qd8e7
6.Qd1f3 c6
7.Bb5a4 d5
8.O-O Bc8e6
9.Rf1e1 Ng8f6
10.e5 Be6g4
11.Qf3f4 h6
12.Bc1d2 Nf6d7
13.Qf4xg4 h5
14.Qg4g5 b5
15.Qg5xe7 Bf8xe7
16.Ba4b3 O-O-O
17.a3 Nd7c5
18.Bb3a2 g5
19.c3 Nc5xd3
20.b4 Nd3xe1
21.Bd2xe1 d3
22.g3 h4
23.g4 h3
24.Ba2b3 Rh8h4
25.f3 Rd8e8
26.a4 Rh4h6
27.axb5 Kb7
28.bxc6 Rh6xc6
29.Bb3xd5 Re8c8
30.Bd5xc6 Rc8xc6
31.Be1d2 a6
32.Ra1a5 Kb6
33.Ra5d5 f6
34.Rd5xd3 fxe5
35.Rd3d7 Be7f6
36.Bd2e3 Kb5
37.Rd7d5 Kc4
38.Rd5c5 Rc6xc5
39.Be3xc5 Kb5
40.Kf2 a5
41.Bc5f8 a4
42.Nb1a3 Kc6
43.Ke3 Kd5
44.c4 Ke6
45.Ke4 Kf7
46.Bf8c5 Ke6
47.b5 Bf6d8
48.Kd3 Bd8c7
49.Ke4 Bc7a5
50.b6 Kd7
51.Kxe5 Ba5c3
52.Bc5d4 Bc3b4
53.Na3c2 Bb4d6
54.Kf5 Bd6xh2
55.Kxg5 Bh2g3
56.Bd4g1 Kc8
57.f4 h2
58.Bg1xh2 Bg3xh2
59.f5 Bh2d6
60.f6 a3
61.Nc2xa3 Bd6xa3
62.f7 Kb7
63.Kg6 Ba3f8
64.c5 Kc6
65.Kh7 Bf8xc5
66.Kg8 Kxb6
67.f8Q Bc5xf8
68.Kxf8 Kc6
69.Ke7 Kd5
70.Kf6 Kd6
71.g5 Kd7
72.Kf7 Kd8
73.g6 Kd7
74.g7 Kd6
75.g8Q Ke5
76.Qg8g5 Ke4
77.Kf6 Kd3
78.Kf5 Kd4
79.Kf4 Kd3
80.Qg5f5 Kc4
81.Qf5e5 Kd3
82.Qe5e4 Kc3
83.Ke3 Kb3
84.Qe4d4 Ka3
85.Kd3 Kb3
86.Qd4c4 Kb2
87.Qc4c3 Ka2
88.Kd2 Kb1
89.Qc3d3 Kb2
90.Kd1 Ka2
91.Kc1 { resign }
1-0

[Event "Match"]
[Site "www.echecsemail.com"]
[Date "2015.10.05"]
[Round "1"]
[White "Mitja"]
[Black "Bojan"]
[WhiteElo "2000"]
[BlackElo "1920"]
[Result "0-1"]
[Round "1"]
1.d4 d5
2.e3 Bc8d7
3.h3 e6
4.Ng1f3 c5
5.dxc5 Bf8xc5
6.c3 Ng8f6
7.Nb1d2 Nb8c6
8.Nd2b3 Bc5d6
9.Bf1e2 Qd8b6
10.Qd1c2 Nf6e4
11.Nb3d4 Ra8c8
12.Nd4xc6 Rc8xc6
13.Nf3d4 Rc6c7
14.Be2f3 Ne4f6
15.Bc1d2 e5
16.Nd4b3 Bd7a4
17.Bf3d1 d4
18.Qc2f5 Ba4xb3
19.Bd1xb3 dxc3
20.Bd2xc3 Qb6b5
21.Qf5f3 Bd6b4
22.Bc3xb4 Qb5xb4
23.Kf1 O-O
24.g3 Rf8d8
25.Kg2 h6
26.Qf3f5 Qb4e7
27.h4 Rd8d2
28.Ra1b1 Nf6d7
29.Rh1c1 Rc7xc1
30.Rb1xc1 g6
31.Qf5f3 e4
32.Qf3f4 b6
33.Qf4xh6 Nd7c5
34.Bb3c4 Rd2xb2
35.h5 Qe7f6
36.Rc1f1 Qf6f3
37.Kg1 Qf3xh5
38.Qh6f4 Qh5f5
39.Qf4b8 Kg7
40.Qb8xa7 Rb2b4
41.Qa7a3 Rb4xc4
{ resign }
0-1

[Event "Match"]
[Site "www.echecsemail.com"]
[Date "2015.10.05"]
[Round "1"]
[White "Mitja"]
[Black "Bojan"]
[WhiteElo "2000"]
[BlackElo "1890"]
[Result "0-1"]
[Round "1"]
1.d4 d5
2.e3 b6
3.h3 Bc8b7
4.c3 Nb8c6
5.Ng1f3 e6
6.Nb1d2 Bf8d6
7.Nd2b3 Ng8f6
8.Bf1e2 Nf6e4
9.Nf3d2 Qd8h4
10.Nd2xe4 dxe4
11.Nb3d2 f5
12.Nd2c4 Bd6e7
13.Qd1a4 O-O
14.Qa4b3 Kh8
15.g3 Qh4f6
16.Qb3d1 Ra8d8
17.Qd1c2 a6
18.Bc1d2 Rd8d7
19.b3 Rf8d8
20.f4 b5
21.Nc4e5 Nc6xe5
22.fxe5 Qf6g6
23.g4 c5
24.O-O-O cxd4
25.gxf5 exf5
26.Rd1g1 Qg6e6
27.exd4 Rd8c8
28.Kb2 Bb7d5
29.Qc2d1 Rd7b7
30.Qd1b1 a5
31.Rg1c1 Qe6b6
32.Rc1c2 b4
33.cxb4 Rc8xc2
34.Qb1xc2 Rb7c7
35.Qc2b1 Qb6xd4
{ resign }
0-1

[Event "Match"]
[Site "www.echecsemail.com"]
[Date "2015.10.05"]
[Round "1"]
[White "Rindrandria"]
[Black "Ranjachess"]
[WhiteElo "1530"]
[BlackElo "1770"]
[Result "0-1"]
[Round "1"]
1.e4 e5
2.d4 exd4
3.Qd1xd4 c5
4.Qd4d5 Ng8f6
5.Bc1g5 h6
6.Bg5xf6 Qd8xf6
7.e5 Qf6e6
8.Nb1c3 Nb8c6
9.f4 Nc6b4
10.Qd5e4 f5
11.Qe4e2 d5
{ resign }
0-1

[Event "Match"]
[Site "www.echecsemail.com"]
[Date "2015.10.05"]
[Round "1"]
[White "Chessticles"]
[Black "Osmundw"]
[WhiteElo "1669"]
[BlackElo "1299"]
[Result "0-1"]
[Round "1"]
1.Nb1c3 e6
2.g3 d5
3.a4 b5
4.Nc3xb5 c6
5.Nb5d4 Bf8c5
6.c3 e5
7.Nd4f3 e4
8.Nf3d4 f5
9.b4 Bc5xd4
 { time }
0-1

[Event "Match"]
[Site "www.echecsemail.com"]
[Date "2015.10.05"]
[Round "1"]
[White "Daquata"]
[Black "Emerchess"]
[WhiteElo "1820"]
[BlackElo "1299"]
[Result "1-0"]
[Round "1"]
1.e4 c6
2.d4 d5
3.Nb1c3 dxe4
4.Nc3xe4 Bc8f5
5.Ne4g3 Bf5g6
6.h4 h6
7.Ng1f3 Ng8f6
8.h5 Bg6h7
9.Bf1d3 Bh7xd3
10.Qd1xd3 e6
11.Bc1d2 Bf8d6
12.O-O-O O-O
13.Ng3e4 Nf6xe4
14.Qd3xe4 Nb8d7
15.g4 Nd7f6
16.Qe4d3 Nf6xg4
17.Qd3e2 Ng4f6
18.Rd1g1 Kh8
19.Bd2c3 Bd6f4
20.Kb1 Nf6d5
21.Bc3d2 Bf4xd2
22.Nf3xd2 Qd8b6
23.Qe2g4 Rf8g8
24.Nd2c4 Qb6c7
25.Nc4e5 Ra8f8
26.c4 Nd5f6
27.Qg4f4 Kh7
28.Rg1g2 Qc7e7
29.Qf4f3 Qe7e8
30.Rh1g1 Kh8
31.Qf3h3 Qe8d8
32.Qh3h4 Kh7
33.a3 Nf6xh5
34.Qh4xh5 Qd8xd4
35.Ne5xf7 Qd4f6
36.Nf7d6 Rf8d8
37.Rg2g6 Qf6xf2
38.Nd6f7 Rd8d1
39.Qh5xd1 Qf2xf7
40.Qd1d3 Kh8
41.Qd3e4 Qf7f5
42.Qe4xf5 exf5
43.Rg6d6 f4
44.Rg1f1 Rg8f8
45.Rd6d7 g5
46.Rf1h1 Rf8f6
47.Rh1e1 Kg8
48.Re1e8 Rf6f8
49.Re8xf8 Kxf8
50.Rd7h7 f3
51.Rh7xh6 Kg7
52.Rh6h3 g4
53.Rh3g3 Kf6
54.Rg3xg4 Kf5
55.Rg4g1 Ke4
56.Rg1e1 Kd3
57.Kc1 f2
58.Re1d1 Ke2
59.b4 Ke3
60.Kc2 Ke2
61.c5 Ke3
62.Kc3 Ke2
63.Rd1a1 f1Q
64.Ra1xf1 Kxf1
65.Kd4 Ke2
66.Ke5 Kd3
67.Kd6 Kc4
68.Kc7 Kb3
69.Kxb7 Kxa3
70.Kxc6 Kxb4
71.Kd6 a5
72.c6 a4
73.c7 a3
74.c8Q a2
75.Qc8c1 Kb3
76.Qc1a1 Ka3
77.Kd5 Kb3
78.Kd4 Ka3
79.Kc3 Ka4
80.Qa1xa2 Kb5
81.Qa2c4 Kb6
82.Qc4d5 Kc7
83.Qd5e6 Kb7
84.Kc4 Kc7
85.Kc5 Kb7
86.Qe6b6 Ka8
87.Qb6c6 Kb8
88.Qc6d7 { resign }
1-0

[Event "Match"]
[Site "www.echecsemail.com"]
[Date "2015.10.05"]
[Round "1"]
[White "Jjmcbride"]
[Black "Carazo"]
[WhiteElo "1880"]
[BlackElo "1830"]
[Result "0-1"]
[Round "1"]
1.e4 e5
2.Ng1f3 Nb8c6
3.d4 Ng8f6
4.Bc1g5 Bf8e7
5.Bf1d3 exd4
6.c3 dxc3
7.Nb1xc3 d5
8.O-O d4
9.Nc3d5 O-O
10.Rf1e1 Nf6xd5
11.Bg5xe7 Nd5xe7
12.Ra1c1 Bc8g4
13.h3 Bg4e6
14.a3 Ne7g6
15.e5 a5
16.Bd3c4 h6
17.Bc4f1 a4
18.Bf1b5 Be6b3
19.Qd1d2 Nc6e7
20.Nf3xd4 c6
21.Bb5d3 Bb3e6
22.f4 Qd8xd4
23.Kh1 Be6d5
24.Qd2c3 Qd4xf4
 { time }
0-1

[Event "1/64 Finale"]
[Site "www.chess-mail.com"]
[Date "2015.10.05"]
[Round "1"]
[White "Huw"]
[Black "Ranjachess"]
[WhiteElo "1539"]
[BlackElo "1690"]
[Result "1-0"]
[Round "1"]
1.d4 d5
2.c4 Bc8f5
3.Nb1c3 e6
4.Bc1f4 Bf8b4
5.Ng1f3 Ng8f6
6.a3 Bb4xc3
7.bxc3 c6
8.e3 Nb8d7
9.Nf3h4 Nf6e4
10.Nh4xf5 exf5
11.Qd1c2 Qd8a5
12.f3 Ne4xc3
13.Qc2d2 Nd7b6
14.Ra1c1 Nb6a4
15.cxd5 Qa5xd5
16.Rc1xc3 Na4xc3
17.Qd2xc3 O-O
18.Bf1c4 Qd5d8
19.O-O Kh8
20.Rf1b1 b5
21.Bc4d3 Qd8f6
22.Bf4e5 Qf6g6
23.Qc3c2 f6
24.Bd3xf5 Qg6h6
25.Be5f4 g5
26.Bf4g3 Qh6g7
27.Qc2xc6 a6
28.Bg3c7 Qg7e7
29.e4 Qe7xa3
30.Qc6d7 Rf8d8
31.Qd7xh7 
1-0

[Event "1/128 Finale"]
[Site "www.chess-mail.com"]
[Date "2015.10.05"]
[Round "1"]
[White "Jaroslavpech"]
[Black "Attatroll"]
[WhiteElo "2210"]
[BlackElo "1900"]
[Result "0-1"]
[Round "1"]
1.e4 e5
2.Ng1f3 Nb8c6
3.Bf1c4 Ng8f6
4.d3 d6
5.Nf3g5 d5
6.exd5 Nc6a5
7.Bc4b5 c6
8.dxc6 { time. }
0-1

[Event "1/64 Finale"]
[Site "www.chess-mail.com"]
[Date "2015.10.05"]
[Round "1"]
[White "Maredocla"]
[Black "Ffdd65"]
[WhiteElo "1990"]
[BlackElo "2240"]
[Result "1-0"]
[Round "1"]
1.f4 Ng8f6
2.Ng1f3 e6
3.b3 b6
4.Bc1b2 Bc8b7
5.e3 Nb8c6
6.Bf1b5 a6
7.Bb5d3 g6
8.g4 d5
9.g5 Bf8g7
10.gxf6 Bg7xf6
11.Bb2xf6 Qd8xf6
12.c3 e5
13.fxe5 Nc6xe5
14.Bd3e2 d4
15.Rh1f1 d3
16.Nf3xe5 Qf6xe5
17.Be2xd3 Qe5xh2
18.Qd1g4 Bb7g2
19.Rf1f2 Qh2h1
20.Ke2 Bg2h3
21.Qg4e4 Qh1xe4
22.Bd3xe4 Ra8d8
23.Nb1a3 O-O
24.Ra1h1 Bh3g4
25.Be4f3 Bg4xf3
26.Rf2xf3 Rd8d5
27.Rf3h3 h5
28.Rh1g1 Kh7
29.Na3c2 Rf8d8
30.d4 a5
31.e4 Rd5d6
32.Nc2e3 Rd6e6
33.Kd3 Rd8e8
34.e5 f5
35.Ne3d5 Re8c8
36.Nd5f6 Kh6
37.Rh3g3 { resign }
1-0

[Event "Fast Game"]
[Site "www.echecsemail.com"]
[Date "2015.10.05"]
[Round "1"]
[White "Bojan"]
[Black "Mitja"]
[WhiteElo "1740"]
[BlackElo "1670"]
[Result "1-0"]
[Round "1"]
1.e4 d5
2.exd5 Qd8xd5
3.Nb1c3 Qd5d8
4.Nc3e4 e6
5.d4 c6
6.Bf1c4 h6
7.c3 Ng8f6
8.Qd1f3 Nf6xe4
9.Qf3xe4 Nb8d7
10.Ng1f3 Nd7f6
11.Qe4e2 Bf8e7
12.h3 b5
13.Bc4d3 Bc8b7
14.Bc1e3 Nf6d5
15.Be3d2 a6
16.a3 Qd8c7
17.g3 Be7f6
18.c4 bxc4
19.Bd3xc4 Ra8d8
20.Bc4xa6 Bb7xa6
21.Qe2xa6 Rd8b8
22.b4 O-O
23.O-O Rb8b5
24.Qa6a4 Bf6e7
25.Rf1c1 Rf8c8
26.Qa4b3 Be7d6
27.Kg2 Qc7e7
28.Nf3e5 Rb5b6
29.Rc1c2 Qe7f6
30.Ne5d7 Qf6xd4
31.Ra1d1 Rb6b7
32.Rc2c4 Qd4a7
33.Rc4g4 Nd5f6
34.Nd7xf6 { resign }
1-0

[Event "Tourn. n8315"]
[Site "www.chess-mail.com"]
[Date "2015.10.06"]
[Round "1"]
[White "Libiesse"]
[Black "Orae"]
[WhiteElo "2020"]
[BlackElo "1969"]
[Result "1-0"]
[Round "1"]
1.d4 d5
2.c4 dxc4
3.Ng1f3 Ng8f6
4.Nb1c3 g6
5.Bc1g5 Bf8g7
6.e3 Bc8g4
7.Bf1xc4 Nb8c6
8.Bc4b5 O-O
9.O-O Nc6b8
10.Ra1c1 c6
11.Bb5e2 a5
12.Bg5xf6 Bg7xf6
13.h3 Bg4xf3
14.Be2xf3 b5
15.Nc3e4 e5
16.Ne4xf6 Qd8xf6
17.dxe5 Qf6xe5
18.b3 a4
19.Bf3xc6 Ra8a6
20.Bc6f3 Ra6d6
21.Qd1c2 Qe5g5
22.Qc2c5 Qg5xc5
23.Rc1xc5 Nb8a6
24.Rc5xb5 a3
25.Rf1d1 Rd6f6
26.Rd1d4 Na6c7
27.Rb5b7 Nc7e6
28.Rd4c4 Ne6d8
29.Rb7a7 Nd8e6
30.Ra7xa3 Ne6g5
31.Bf3e2 Rf8e8
32.Ra3a7 h5
33.Be2d3 Rf6d6
34.Rc4d4 Rd6e6
35.Bd3c4 Re6e5
36.Rd4d7 Re8f8
37.h4 Ng5h7
38.Bc4xf7 Kh8
39.Bf7xg6 Nh7f6
40.Rd7c7 Rf8d8
41.Rc7f7 Nf6g4
42.Kf1 Ng4h2
43.Ke2 Re5d5
44.e4 Rd5d2
45.Ke3 Rd8d3
46.Kf4 Rd2xf2
47.Kg5 Rf2xg2
48.Kxh5 Rd3d8
49.Rf7h7 Kg8
50.Bg6f5 Nh2f3
51.Bf5e6 Kf8
52.Rh7h8 { resign }
1-0

[Event "Tourn. n8367"]
[Site "www.chess-mail.com"]
[Date "2015.10.06"]
[Round "1"]
[White "Bojan"]
[Black "Chiccogianca"]
[WhiteElo "1970"]
[BlackElo "2080"]
[Result "1-0"]
[Round "1"]
1.e4 b6
2.d4 Bc8b7
3.d5 d6
4.Nb1c3 a6
5.Bc1e3 g6
6.Be3d4 Ng8f6
7.Bd4xf6 exf6
8.Bf1d3 Bf8g7
9.Qd1d2 Nb8d7
10.a3 O-O
11.f4 b5
12.Ng1f3 Rf8e8
13.O-O-O Nd7c5
14.Rd1e1 h6
15.Nf3d4 Nc5xd3
16.Qd2xd3 Qd8d7
17.h3 Re8e7
18.f5 gxf5
19.Nd4xf5 Re7e5
20.Nf5xg7 Kxg7
21.Rh1f1 Qd7e7
22.Qd3g3 Kh7
23.Rf1f4 Ra8g8
24.Rf4g4 Re5g5
25.Re1e3 Bb7c8
26.Rg4xg5 fxg5
27.Nc3e2 f6
28.Ne2d4 Bc8d7
29.Re3c3 Rg8c8
30.Qg3d3 Kg7
31.Rc3c6 Bd7xc6
32.Nd4f5 Kf7
33.Nf5xe7 Kxe7
34.dxc6 Rc8e8
35.c4 Re8b8
36.b4 bxc4
37.Qd3xc4 Rb8b6
38.Kd2 h5
39.g3 h4
40.gxh4 gxh4
41.a4 Rb6b8
42.Kc3 Rb8f8
43.Qc4xa6 f5
44.exf5 Rf8xf5
45.Qa6c8 Rf5d5
46.Qc8xc7 Ke6
47.Qc7d7 Ke5
48.c7 Ke4
49.c8Q Rd5d3
50.Kc2 Rd3g3
51.Qc8c4 Ke5
52.Qd7e6 { resign }
1-0

[Event "Tourn. n8343"]
[Site "www.chess-mail.com"]
[Date "2015.10.06"]
[Round "1"]
[White "Rons"]
[Black "Nimzo"]
[WhiteElo "2570"]
[BlackElo "2790"]
[Result "0-1"]
[Round "1"]
1.e4 e6
2.d4 d5
3.Nb1c3 Ng8f6
4.Bc1g5 dxe4
5.Nc3xe4 Bf8e7
6.Bg5xf6 gxf6
7.Ng1f3 f5
8.Ne4c3 a6
9.Qd1e2 b5
10.O-O-O b4
11.Nc3a4 Qd8d5
12.c4 Qd5a5
13.b3 Bc8d7
14.Na4c5 Be7xc5
15.dxc5 Qa5xc5
16.Nf3e5 a5
17.f4 Ra8a6
18.Qe2h5 Rh8f8
19.Ne5g4 Ra6d6
20.Ng4f6 Ke7
21.Rd1xd6 Kxd6
22.Bf1e2 Qc5e3
23.Kb1 Qe3xf4
24.Rh1f1 Qf4e5
25.Rf1d1 Ke7
26.Nf6xh7 Rf8g8
27.Qh5h4 f6
28.Be2f3 c5
29.h3 a4
30.Qh4f2 a3
31.Rd1d2 Rg8h8
32.Qf2h4 Bd7c6
33.Qh4h6 Rh8g8
34.Rd2e2 Qe5c3
35.Nh7xf6 Qc3xf6
{ resign }
0-1

[Event "Match"]
[Site "www.echecsemail.com"]
[Date "2015.10.06"]
[Round "1"]
[White "Pablincho"]
[Black "Coraza8091"]
[WhiteElo "1780"]
[BlackElo "1659"]
[Result "1-0"]
[Round "1"]
1.e4 e5
2.Ng1f3 Nb8c6
3.Bf1c4 h6
4.O-O Ng8f6
5.Rf1e1 Bf8c5
6.c3 Nf6g4
7.Re1e2 b6
8.h3 d5
9.Bc4xd5 Bc5xf2
10.Re2xf2 Ng4xf2
11.Kxf2 Bc8b7
12.d4 Qd8f6
13.Kg1 O-O-O
14.Qd1a4 Rh8e8
15.Nb1a3 Nc6a5
16.Bd5xb7 Kxb7
17.d5 Ka8
18.Bc1e3 g5
19.b4 Na5b7
20.Na3b5 a5
21.Nb5xc7 Kb8
22.Nc7xe8 Qf6h8
23.bxa5 Rd8xe8
24.axb6 g4
25.hxg4 f6
26.Be3xh6 Re8g8
27.g5 fxg5
28.Bh6xg5 Qh8h7
29.Qa4a7 Kc8
30.Qa7a8 Kd7
31.Qa8xb7 { resign }
1-0

[Event "Match"]
[Site "www.echecsemail.com"]
[Date "2015.10.06"]
[Round "1"]
[White "Carlosto"]
[Black "Quiquechess"]
[WhiteElo "999"]
[BlackElo "1499"]
[Result "1-0"]
[Round "1"]
1.e3 e6
2.d4 d5
3.Ng1f3 b5
4.Bf1xb5 Ke7
5.b3 Ng8f6
6.O-O h5
7.Bc1a3 c5
8.Ba3xc5 { resign }
1-0

[Event "Match"]
[Site "www.echecsemail.com"]
[Date "2015.10.06"]
[Round "1"]
[White "Drdoom"]
[Black "Coraza8091"]
[WhiteElo "1740"]
[BlackElo "1499"]
[Result "0-1"]
[Round "1"]
1.e4 e5
2.Ng1f3 Nb8c6
3.d4 Bf8d6
4.d5 Nc6b4
5.a3 Nb4a6
6.Bf1xa6 Ng8f6
7.Ba6d3 Nf6g4
8.h3 Ng4f6
9.b4 h6
10.c4 a5
11.c5 Bd6f8
12.Bc1d2 d6
13.Qd1c1 g5
14.Qc1c4 Bc8d7
15.Nb1c3 Bf8g7
16.O-O O-O
17.c6 bxc6
18.dxc6 Bd7e6
19.Nc3d5 Kh8
20.Rf1e1 Qd8c8
21.Bd3f1 g4
22.Nf3h4 gxh3
23.Nh4f5 Be6xf5
24.exf5 Qc8xf5
25.Nd5xc7 h2
26.Kxh2 Qf5h5
27.Kg1 Nf6g4
{ resign }
0-1

[Event "Match"]
[Site "www.echecsemail.com"]
[Date "2015.10.06"]
[Round "1"]
[White "Calponas"]
[Black "Tbsundar"]
[WhiteElo "2030"]
[BlackElo "2070"]
[Result "0-1"]
[Round "1"]
1.e4 e5
2.Ng1f3 Nb8c6
3.Bf1c4 Ng8f6
4.Nf3g5 d5
5.exd5 Nc6a5
6.Bc4b5 c6
7.dxc6 bxc6
8.Bb5e2 h6
9.Ng5f3 e4
10.Nf3e5 Qd8d4
11.f4 Bf8c5
12.Rh1f1 O-O
13.c3 Qd4d6
14.d4 Bc5b6
15.b4 Na5b7
16.Bc1e3 Nf6d5
17.Be3d2 Bb6d8
18.Be2g4 e3
19.Bd2c1 f5
20.Bg4h5 Nd5xc3
21.Nb1xc3 Bc8e6
22.Bc1xe3 Qd6xb4
23.Qd1d3 Ra8c8
24.Ra1b1 Qb4e7
25.Ne5g6 Qe7f7
26.Rf1f3 Be6c4
27.Qd3d2 Rf8e8
28.Rf3h3 Nb7d6
29.Ng6e5 Qf7e6
30.Bh5xe8 Qe6xe8
31.Kf2 Bd8a5
32.Qd2c2 Ba5xc3
33.Qc2xc3 Nd6e4
{ resign }
0-1

[Event "Match"]
[Site "www.echecsemail.com"]
[Date "2015.10.06"]
[Round "1"]
[White "Arb"]
[Black "Manolinex"]
[WhiteElo "2749"]
[BlackElo "2720"]
[Result "1-0"]
[Round "1"]
1.e4 c5
2.Ng1f3 d6
3.d4 cxd4
4.Nf3xd4 Ng8f6
5.Nb1c3 a6
6.Bc1g5 e6
7.f4 Qd8b6
8.Qd1d2 Qb6xb2
9.Ra1b1 Qb2a3
10.e5 h6
11.Bg5h4 dxe5
12.fxe5 Nf6d7
13.Nc3e4 Qa3xa2
14.Rb1d1 Qa2d5
15.Qd2e3 Qd5xe5
16.Bf1e2 Bf8c5
17.Bh4g3 Qe5d5
18.c4 Bc5xd4
19.Rd1xd4 Qd5a5
20.Rd4d2 O-O
21.Bg3d6 Nb8c6
22.O-O Rf8e8
23.Qe3g3 Nc6e7
24.Bd6c7 Qa5b4
25.Qg3f2 f5
26.Be2h5 Qb4xc4
27.Ne4d6 Qc4xc7
28.Nd6xe8 Qc7c3
29.Rf1d1 f4
30.g3 Qc3a5
31.Bh5g4 Nd7e5
32.Qf2xf4 Ne7g6
33.Qf4e4 Qa5c5
34.Rd2f2 Qc5e7
35.Ne8d6 Bc8d7
36.Qe4xb7 Ra8f8
37.Rf2xf8 Ng6xf8
38.Bg4e2 Nf8g6
39.h4 a5
40.Be2h5 a4
41.Qb7c7 Bd7c6
42.Qc7xe7 Ng6xe7
43.Rd1e1 Ne7g6
44.Re1e3 Bc6d5
45.Bh5d1 Ne5d7
46.Bd1xa4 Ng6e5
47.Re3c3 Nd7f6
48.Rc3c8 Kh7
49.Ba4c2 g6
50.Kf2 Kg7
51.Rc8c7 Kf8
52.Ke3 g5
53.Bc2d1 Bd5g2
54.Rc7a7 Bg2d5
55.Bd1e2 Bd5h1
56.hxg5 hxg5
57.Be2c4 Ne5xc4
58.Nd6xc4 Nf6e4
59.g4 Ne4f6
60.Nc4e5 Kg8
61.Kd4 Bh1d5
62.Kc5 Nf6e4
63.Kb6 Ne4d2
64.Ra7c7 Nd2e4
65.Rc7d7 Bd5a2
66.Kc7 Ne4f6
67.Rd7d3 Ba2d5
68.Kd6 Kf8
69.Rd3d1 Ke8
70.Rd1f1 Nf6e4
71.Kc7 Ne4c3
72.Ne5g6 Nc3b5
73.Kb6 Nb5d6
74.Kc5 Nd6f7
75.Kd4 Bd5b7
76.Ng6e5 Nf7xe5
77.Kxe5 Ke7
78.Rf1f6 Bb7d5
79.Rf6g6 Kf7
80.Rg6xg5 Bd5c4
81.Kf4 Kf6
82.Rg5h5 Kg6
83.Rh5h2 Bc4d5
84.g5 Bd5c4
85.Kg4 Bc4d5
86.Rh2f2 Bd5b3
87.Kh4 Kg7
88.Rf2f4 Kg6
89.Rf4f1 Kg7
90.Kh5 Bb3c2
91.Rf1c1 Bc2g6
92.Kh4 Bg6e4
93.Rc1f1 Be4c2
94.Rf1f3 Bc2f5
95.Rf3f2 Kg6
96.Rf2f4 { resign }
1-0

[Event "Match"]
[Site "www.echecsemail.com"]
[Date "2015.10.06"]
[Round "1"]
[White "Orae"]
[Black "Pariolinius"]
[WhiteElo "1940"]
[BlackElo "1990"]
[Result "1-0"]
[Round "1"]
1.e4 c5
2.Bf1c4 e6
3.Ng1f3 Nb8c6
4.d4 cxd4
5.Nf3xd4 a6
6.Nd4xc6 bxc6
7.O-O g6
8.Nb1c3 Bf8g7
9.Nc3e2 Ng8f6
10.a4 O-O
11.Bc1g5 h6
12.Bg5h4 g5
13.Bh4g3 Nf6xe4
14.Bg3d6 Ne4xd6
15.Qd1xd6 Bc8b7
16.c3 Rf8e8
17.Ra1d1 Bb7c8
18.Ne2g3 Bg7f8
19.Qd6e5 d5
20.Bc4d3 Bf8g7
21.Qe5e3 Bc8d7
22.Ng3h5 Bg7h8
23.Qe3f3 f5
24.c4 d4
25.Nh5g3 Re8f8
26.Qf3h5 Bh8g7
27.Qh5g6 Rf8f6
28.Qg6h5 Bd7e8
29.Qh5f3 Be8g6
30.Qf3xc6 e5
31.Qc6c5 Bg7f8
32.Qc5xe5 Qd8d6
33.Qe5e2 Rf6e6
34.Qe2f3 Ra8b8
35.Bd3xf5 Re6f6
36.h4 gxh4
37.Ng3e4 Rf6xf5
38.Qf3g4 Qd6e6
39.Rd1e1 Qe6f7
40.Qg4xh4 Rf5h5
41.Ne4f6 Kg7
42.Nf6xh5 Bg6xh5
43.Qh4g3 { resign }
1-0

[Event "Eq:Slap Shot Mates-Los Tercios : "]
[Site "www.chess-mail.com"]
[Date "2015.10.06"]
[Round "1"]
[White "Vasylpuzanov"]
[Black "Witpar"]
[WhiteElo "2290"]
[BlackElo "2610"]
[Result "0-1"]
[Round "1"]
1.d4 Ng8f6
2.c4 g6
3.Nb1c3 Bf8g7
4.Ng1f3 O-O
5.Bc1g5 d6
6.e3 Nb8d7
7.Bf1d3 e5
8.e4 h6
9.Bg5xf6 { time. }
0-1

[Event "Fast Game"]
[Site "www.echecsemail.com"]
[Date "2015.10.06"]
[Round "1"]
[White "Mitja"]
[Black "Attatroll"]
[WhiteElo "1660"]
[BlackElo "1780"]
[Result "1-0"]
[Round "1"]
1.d4 f5
2.e3 Ng8f6
3.Nb1c3 g6
4.Ng1f3 Bf8g7
5.b3 O-O
6.Bf1e2 d6
7.Bc1b2 Nb8c6
8.a3 e5
9.dxe5 dxe5
10.O-O h6
11.h3 Bc8e6
12.Qd1xd8 Ra8xd8
13.Ra1d1 a6
14.Rd1xd8 Rf8xd8
15.Rf1d1 Rd8xd1
16.Be2xd1 Kf7
17.Kf1 Nf6d7
18.Bd1e2 Nd7c5
19.Ke1 g5
20.Nf3g1 e4
21.g4 f4
22.exf4 gxf4
23.f3 Nc6d4
24.Be2d1 e3
25.Bb2c1 Nd4xf3
26.Bd1xf3 Bg7xc3
27.Ke2 Be6d7
28.a4 b5
29.axb5 Bd7xb5
30.Kd1 Kg6
31.Bf3e2 Nc5e4
32.Be2xb5 axb5
33.Ke2 c5
34.Kd3 Bc3d2
35.Bc1b2 Ne4f2
36.Ke2 Kg5
37.Kf3 c4
38.bxc4 bxc4
39.Bb2e5 Nf2d3
40.cxd3 c3
41.Be5xf4 Kh4
42.Bf4xe3 { resign }
1-0

[Event "Tourn. n8344"]
[Site "www.chess-mail.com"]
[Date "2015.10.07"]
[Round "1"]
[White "Ditto"]
[Black "Panamski"]
[WhiteElo "1840"]
[BlackElo "2080"]
[Result "0-1"]
[Round "1"]
1.e4 e5
2.Ng1f3 Nb8c6
3.Bf1c4 Bf8e7
4.Nb1c3 Ng8f6
5.d4 exd4
6.Nf3xd4 d6
7.O-O O-O
8.Qd1f3 Nc6xd4
9.Qf3d1 Nd4c6
10.Bc4d3 h6
11.b3 a6
12.Bc1e3 Nf6g4
13.Be3f4 Ng4e5
14.Bd3e2 Be7f6
15.Nc3d5 Ne5g6
16.Ra1b1 Ng6xf4
17.Nd5xf4 Rf8e8
18.Be2d3 Nc6e5
19.Bd3e2 Ne5c6
20.Be2d3 Nc6e5
21.Bd3e2 b5
22.Qd1d5 Bc8e6
23.Qd5d2 Bf6g5
24.Qd2e3 Ne5g6
25.g3 Qd8c8
26.Be2d3 Be6h3
27.Rf1e1 d5
28.Qe3f3 Bh3g4
29.Qf3e3 dxe4
30.Bd3xe4 Ra8b8
31.Qe3d2 Bg5xf4
32.gxf4 Re8xe4
33.Re1xe4 Bg4f3
34.Re4e3 Qc8g4
35.Kf1 Qg4g2
36.Ke1 Qg2g1

0-1

[Event "Tourn. n8395"]
[Site "www.chess-mail.com"]
[Date "2015.10.07"]
[Round "1"]
[White "Culiflori"]
[Black "Xkafi"]
[WhiteElo "2050"]
[BlackElo "2030"]
[Result "1-0"]
[Round "1"]
1.e4 e5
2.Ng1f3 Qd8f6
3.Nb1c3 c6
4.d4 Bf8b4
5.Nf3xe5 d6
6.Ne5f3 Nb8d7
7.Bf1d3 Ng8e7
8.O-O Ne7g6
9.Bc1g5 Qf6e6
10.d5 Qe6g4
11.h3 Qg4h5
12.Kh2 Ng6e5
13.Nf3xe5 Qh5xg5
14.Ne5xd7 Bc8xd7
15.Qd1f3 Qg5e5
16.Kg1 Bb4c5
17.Nc3a4 Bc5d4
18.c3 Bd4b6
19.Na4xb6 axb6
20.Qf3e3 c5
21.f4 Qe5e7
22.e5 dxe5
23.fxe5 O-O
24.Qe3f4 Ra8d8
25.Ra1e1 Bd7c8
26.Bd3c4 Rd8d7
27.d6 Qe7d8
28.Bc4b5 h6
29.Bb5xd7 Bc8xd7
30.c4 Bd7e6
31.b3 g5
32.Qf4f6 Qd8xf6
33.Rf1xf6 Kg7
34.Re1d1 Rf8d8
35.g4 Rd8d7
36.Kf2 Rd7d8
37.Ke2 h5
38.gxh5 Rd8d7
39.Rd1g1 Be6xh3
40.Rg1xg5 Kf8
41.h6 { resign }
1-0

[Event "Tourn. n8365"]
[Site "www.chess-mail.com"]
[Date "2015.10.07"]
[Round "1"]
[White "Francesco"]
[Black "Julian"]
[WhiteElo "2000"]
[BlackElo "1800"]
[Result "0-1"]
[Round "1"]
1.e4 c5
2.c3 Nb8c6
3.d4 cxd4
4.cxd4 d5
5.e5 e6
6.Nb1c3 Ng8e7
7.Bc1g5 h6
8.Bg5h4 g5
9.Bh4g3 Bf8g7
10.Ra1c1 O-O
11.Ng1e2 Ne7g6
12.f4 h5
13.fxg5 Qd8xg5
14.Bg3f2 Kh7
15.g3 f6
16.exf6 Qg5xf6
17.Bf2e3 Bg7h6
18.Be3xh6 Kxh6
19.Qd1d2 Kh7
20.Bf1h3 Qf6f2
21.Kd1 e5
22.dxe5 Bc8xh3
23.Nc3xd5 Ra8d8
24.Ne2c3 Bh3g4
25.Kc2 Nc6d4
26.Kd3 Rf8f3
{ resign }
0-1

[Event "Tourn. n8371"]
[Site "www.chess-mail.com"]
[Date "2015.10.07"]
[Round "1"]
[White "Passaroa25"]
[Black "Giupiter"]
[WhiteElo "1670"]
[BlackElo "1509"]
[Result "1-0"]
[Round "1"]
1.e4 Ng8f6
2.f3 Nb8c6
3.c3 e5
4.Ng1e2 d5
5.Ne2g3 Bf8c5
6.d3 Bc8e6
7.Nb1d2 O-O
8.Qd1e2 d4
9.Nd2c4 h6
10.Qe2d2 Qd8d7
11.Bf1e2 Ra8d8
12.O-O dxc3
13.Qd2e3 Bc5xe3
14.Nc4xe3 Nc6d4
15.bxc3 Nd4xe2
16.Ng3xe2 Qd7xd3
17.Rf1e1 Qd3a6
18.h3  { time }
1-0

[Event "Tourn. n8358"]
[Site "www.chess-mail.com"]
[Date "2015.10.07"]
[Round "1"]
[White "Llcervello"]
[Black "Julian"]
[WhiteElo "1630"]
[BlackElo "1810"]
[Result "1-0"]
[Round "1"]
1.e4 c5
2.c4 d6
3.Nb1c3 e6
4.f4 Nb8c6
5.Ng1f3 g6
6.a3 Bf8g7
7.Qd1c2 Ng8e7
8.g4 f5
9.g5 O-O
10.h4 Nc6d4
11.Nf3xd4 cxd4
12.Nc3e2 Qd8b6
13.d3 e5
14.b4 a5
15.b5 fxe4
16.dxe4 Bc8g4
17.fxe5 dxe5
18.a4 Ra8c8
19.Bc1a3 Rf8f7
20.c5 Qb6e6
21.Ne2c1 h6
22.Bf1c4 Qe6d7
23.Bc4xf7 Kxf7
24.Qc2b3 Qd7e6
25.Rh1f1 Ke8
26.Qb3b2 hxg5
27.hxg5 Bg4h3
28.Rf1h1 Qe6g4
29.Qb2f2 Qg4xe4
30.Qf2e2 Qe4xe2
31.Nc1xe2 Bh3f5
32.Rh1h7 Kf8
33.c6 bxc6
34.Ba3xe7 Kg8
35.Rh7xg7 Kxg7
36.Be7f6 Kf7
37.Bf6xe5 d3
38.b6 dxe2
39.b7 { resign }
1-0

[Event "Tourn. n8352"]
[Site "www.chess-mail.com"]
[Date "2015.10.07"]
[Round "1"]
[White "Senitram"]
[Black "Seger"]
[WhiteElo "2630"]
[BlackElo "2770"]
[Result "1/2-1/2"]
[Round "1"]
1.c4 e5
2.Nb1c3 Ng8f6
3.Ng1f3 Nb8c6
4.e3 Bf8b4
5.Qd1c2 O-O
6.Nc3d5 Rf8e8
7.Qc2f5 d6
8.Nd5xf6 gxf6
9.Qf5h5 e4
10.a3 exf3
11.gxf3 Re8e5
12.Rh1g1 Re5g5
13.Rg1xg5 fxg5
14.Bf1d3 Qd8f6
15.Qh5xh7 Kf8
16.axb4 Nc6e5
17.f4 gxf4
18.Bd3e2 Bc8f5
19.Qh7h5 Ra8e8
20.d4 Ne5c6
21.Kd1 Nc6xb4
22.Ra1xa7 Nb4d3
23.Be2xd3 Bf5xd3
24.b3 Bd3e4
25.Kd2 c5
26.Kc3 b5
27.Qh5d1 { draw }
1/2-1/2

[Event "Tourn. n8414"]
[Site "www.chess-mail.com"]
[Date "2015.10.07"]
[Round "1"]
[White "Caspito"]
[Black "Fabos12"]
[WhiteElo "1810"]
[BlackElo "1670"]
[Result "0-1"]
[Round "1"]
1.e4 e5
2.Ng1f3 Nb8c6
3.Bf1c4 Ng8f6
4.Nf3g5 d5
5.exd5 Nf6xd5
6.d3 Bc8e6
7.Qd1f3 Nc6d4
8.Qf3g3 Nd4xc2
9.Kd1 Nc2xa1
10.Qg3xe5 Qd8d6
11.Qe5e2 O-O-O
12.b3 h6
13.Ng5e4 Qd6d7
14.Bc1b2 Na1xb3
15.Bc4xb3 Nd5b4
16.d4 Nb4xa2
17.Bb3xe6 Qd7xe6
18.Kd2 Bf8b4
{ resign }
0-1

[Event "Tourn. n8389"]
[Site "www.chess-mail.com"]
[Date "2015.10.07"]
[Round "1"]
[White "Seger"]
[Black "Sonivano"]
[WhiteElo "2750"]
[BlackElo "2330"]
[Result "1-0"]
[Round "1"]
1.e4 e5
2.Ng1f3 Nb8c6
3.Bf1b5 a6
4.Bb5a4 Ng8f6
5.O-O Nf6xe4
6.d4 b5
7.Ba4b3 d5
8.dxe5 Bc8e6
9.Nb1d2 Ne4xd2
10.Qd1xd2 Bf8e7
11.Rf1d1 O-O
12.c3 Qd8c8
13.Qd2f4 f6
14.exf6 Rf8xf6
15.Qf4e3 Qc8d7
16.Nf3g5 Ra8d8
17.Ng5xe6 Rf6xe6
18.Rd1xd5 { resign }
1-0